01085nam a2200289Ia 4500001001200000003000800012006001900020007001500039008004100054020001800095020001800113040002100131035002100152050002600173100001900199245007800218260005100296300001100347500002000358533015200378630005300530650002300583655002900606710001700635856012600652999001700778ebr10623099CaPaEBRm u cr cn|||||||||121130s2012 enk s 001 0 eng d z9781849685276 z9781849685269 aCaPaEBRcCaPaEBR a(OCoLC)82374075014aQA76.9.D3bN42 2012eb1 aNeagu, Adrian.10aOracle 11g anti-hacker's cookbookh[electronic resource] /cAdrian Neagu. aBirmingham, [Eng.] :bPackt Publishing,c2012. a282 p. aIncludes index. aElectronic reproduction.bPalo Alto, Calif. :cebrary,d2011.nAvailable via World Wide Web.nAccess may be limited to ebrary affiliated libraries.00aOracle (Computer file)vHandbooks, manuals, etc. 0aComputer security. 7aElectronic books.2local2 aebrary, Inc.40uhttp://site.ebrary.com/lib/rucke/Doc?id=10623099zAn electronic book accessible through the World Wide Web; click to view c55728d55728